000 00505nam a22001697a 4500
999 _c41626
_d41626
003 OSt
005 20221029120205.0
008 221029b ||||| |||| 00| 0 eng d
020 _a9788122421408
040 _coclc
082 _a572
_bSAD/B
100 1 _99181
_aSadasivam, S.,
_cDr.
245 _aBiochemical Methods /
_cS Sadasivam, A Manickam
260 _aNew Delhi:
_bNew age International Publishers
_c2015.
300 _a270 pages
942 _2ddc
_cBK
_h572
_iSAD/B
_k572
_mSAD/B